| 000 | 00625cam a22002052 4500 | ||
|---|---|---|---|
| 001 | 0000019580 | ||
| 005 | 20151217154434.0 | ||
| 008 | 110111s xx 000 0 eng d | ||
| 020 | _a0132472753 | ||
| 040 |
_aKABU _cKABU |
||
| 100 | 1 |
_aLiang, Y. Daniel. _@0000179348 |
|
| 245 | 1 | 0 |
_aIntroduction to JAVA programming : _bcomprehensive version / _cY. Daniel Liang. |
| 250 | _a8th ed. | ||
| 260 |
_aBoston : _bPearson, _c2011. |
||
| 300 | _a1366 p. | ||
| 650 | 0 |
_aJava (Computer programme language) _@0000154508 |
|
| 852 | 1 | _9p2560 KES | |
| 908 | _a110111 | ||
| 950 | _@1 | ||
| 999 |
_c11257 _d11257 |
||